| 000 | 01166cam a22003374i 4500 | ||
|---|---|---|---|
| 999 |
_c200448350 _d66562 |
||
| 003 | TR-AnTOB | ||
| 005 | 20231201001329.0 | ||
| 007 | ta | ||
| 008 | 011002s1983 tu a 001 0 tur | ||
| 040 |
_aTR-AnTOB _beng _erda _cTR-AnTOB |
||
| 041 | 0 | _atur | |
| 050 | 0 | 0 |
_aKKX1324 _b.C47 1983 |
| 090 | _aTOBBK KKX1324 .C47 1983 | ||
| 245 | 0 | 0 |
_aÇeşitli boyutları ve çözüm önerileri ile iş kazaları seminer bildirileri / _chaz. Milli Prodüktivite Merkezi. |
| 246 | 2 | 0 | _aİş kazaları |
| 264 | 1 |
_aAnkara : _bMilli Prodüktivite Merkezi, _c1983. |
|
| 300 |
_a212 pages : _btables ; _c23 cm |
||
| 336 |
_atext _btxt _2rdacontent. |
||
| 337 |
_aunmediated _bn _2rdamedia. |
||
| 338 |
_avolume _bnc _2rdacarrier. |
||
| 440 | 0 |
_aMilli Prodüktivite Merkezi Yayınları ; _v284. |
|
| 650 | 7 |
_aKaza hukuku _zTürkiye _2etuturkob _9131875 |
|
| 650 | 7 |
_aİş hukuku ve mevzuatı _zTürkiye _2 _958185 |
|
| 650 | 0 |
_aIndustrial accidents _xCongresses. |
|
| 650 | 0 |
_aOccupational training _xCongresses. |
|
| 650 | 0 |
_aLaw _zTurkey. |
|
| 710 | 2 |
_aMilli Prodüktivite Merkezi (Turkey) _930586 |
|
| 942 |
_2z _cBK |
||